Villes de l'Ain en images - Statistiques

Statistiques générales
  • Ce quiz a été pris 26 fois
  • Le résultat moyen est 7 sur 16
Statistiques - réponses
Par images Hint Réponse % Correct
O Oyonnax
88%
BeB Bourg-en-Bresse
83%
N Nantua
75%
FV Ferney-Voltaire
67%
G Gex
67%
B Belley
54%
P Pérouges
54%
VlD Villars-les-Dombes
42%
T Trevoux
38%
CsC Chatillon Sur Chalaronne
33%
V Valserhône (Bellegarde)
29%
B Bolozon
21%
AsF Ars-sur-Formans
17%
PM Prévessin-Moëns
13%
S Seyssel
13%
(L) NsA La Neuville sur Ain
4%
Aucun quiz correspondant
Distribution des résultats
% des personnes avec chaque résultat
Percentile par nombre de réponses
Votre historique - résultats
Vous n’avez pas pris ce quiz